Informatizace společnosti a vliv ICT na její vývoj
Základné zmeny, ktoré v spoločnosti spôsobujú informačné a komunikačné technológie. Nová úloha informácií v podnikoch. Vplyv ICT (informačné a komunikačné technológie) na neziskovú sféru. Trendy v ponuke podnikových informačných systémov. Dôležité aspekty ICT a informačných systémov. Cesty k zabezp...
Salvato in:
| Autore principale: | |
|---|---|
| Natura: | Capitolo di libro |
| Lingua: | ceco |
| Soggetti: | |
| Tags: |
Nessun Tag, puoi essere il primo ad aggiungerne!!
|
MARC
| LEADER | 00000naa$a2200000$$$4500 | ||
|---|---|---|---|
| 001 | 0012312 | ||
| 005 | 20231003120259.1 | ||
| 041 | 0 | |a cze | |
| 044 | |a CZ | ||
| 245 | 1 | 0 | |a Informatizace společnosti a vliv ICT na její vývoj |c aut. Josef Basl |
| 520 | |a Základné zmeny, ktoré v spoločnosti spôsobujú informačné a komunikačné technológie. Nová úloha informácií v podnikoch. Vplyv ICT (informačné a komunikačné technológie) na neziskovú sféru. Trendy v ponuke podnikových informačných systémov. Dôležité aspekty ICT a informačných systémov. Cesty k zabezpečeniu efektívnosti investícií do ICT. | ||
| 610 | 2 | 0 | |a spoločnosť informačná |
| 610 | 2 | 0 | |a technológie informačné |
| 610 | 2 | 0 | |a technológie komunikačné |
| 610 | 2 | 0 | |a technológie nové |
| 610 | 2 | 0 | |a podnikanie |
| 610 | 2 | 0 | |a sektor terciárny |
| 610 | 2 | 0 | |a sektor súkromný |
| 610 | 2 | 0 | |a systémy informačné |
| 610 | 2 | 0 | |a informácie |
| 610 | 2 | 0 | |a podnik |
| 610 | 2 | 0 | |a efektívnosť ekonomická |
| 100 | 1 | |a Basl, Josef | |